| 000 | 00809nam a22002177a 4500 | ||
|---|---|---|---|
| 001 | 44633 | ||
| 003 | UA-OsUOA | ||
| 005 | 20220810144858.0 | ||
| 007 | ta | ||
| 008 | 20070305b un ||||| |||| 00| 0 ukr d | ||
| 020 | _a9660232403 | ||
| 040 |
_aUA-OsUOA _bukr _cUA-OsUOA _dUA-OsUOA |
||
| 041 | _aukr | ||
| 080 | _a016(048.2):929 | ||
| 090 |
_a016(048.2):929 _bК53 |
||
| 245 |
_aКнижкові джерела української біографістики у фондах Національної бібліотеки України імені В. І. Вернадського _bматеріали до бібліографії (ХІХ–ХХ ст.) |
||
| 260 |
_aК. _c2004 |
||
| 650 | 7 |
_a01 Бібліографія і бібліографії. Каталоги _2UDC |
|
| 942 |
_cBK _2udc |
||
| 955 | _a2 | ||
| 999 |
_c330751 _d330751 |
||